000 00493nam a2200157 4500
001 111399
003 ES-MaACL
005 20230906185308.0
007 t|
008 061121s1931 sp r ||||1| spa d
100 1 _aNájera Angulo, Luis.
_984870
245 1 0 _aObservaciones sobre la valoración relativa a la Triparsamida y del Bayer 205 /
_cLuis Nájera Angulo.
260 _aMadrid :
_b[s.n.],
_c1931 (
_fGráficas Universal)
300 _a16 p. ;
_c24 cm.
852 _aES-MaACL
_j1758-F-13
999 _c111399
_d111399